[Event "Ostravsky konik 2010 MCR Open"]
[Site "Ostrava"]
[Date "2010.05.07"]
[Round "7.14"]
[White "IM Konopka, Michal"]
[Black "IM Vyskocil, Neklan"]
[Result "1-0"]
[WhiteElo "2458"]
[BlackElo "2390"]
[PlyCount "77"]
[EventDate "2010.05.09"]
[EventType "swiss"]
[EventCountry "CZE"]

1. Nf3 c5 2. c4 Nc6 3. Nc3 g6 4. e3 Bg7 5. d4 d6 6. d5 Nb8 7. h3 Nf6 8. Bd3 O-O
9. O-O e6 10. e4 exd5 11. exd5 a6 12. Re1 Qc7 13. Bf4 b6 14. Qd2 Nbd7 15. Bh2
Rd8 16. a4 Bb7 17. Qf4 Nf8 18. Re2 Rd7 19. Rae1 Rad8 20. g4 h6 21. Bg3 N8h7 22.
Qc1 Qb8 23. Bf4 g5 24. Bg3 Re8 25. h4 Rxe2 26. Rxe2 gxh4 27. Bxh4 Qf8 28. Qf4
Bc8 29. Bg3 Rd8 30. g5 hxg5 31. Nxg5 Nxg5 32. Qxg5 Re8 33. Rxe8 Nxe8 34. Qd8
Nf6 35. Qxb6 Qe8 36. Qxd6 Qe1+ 37. Kg2 Bh3+ 38. Kxh3 Qh1+ 39. Bh2 1-0

[Event "Ostravsky konik 2010 MCR Open"]
[Site "Ostrava"]
[Date "2010.05.07"]
[Round "7.15"]
[White "IM Krejci, Jan"]
[Black "IM Freisler, Pavel"]
[Result "1-0"]
[WhiteElo "2455"]
[BlackElo "2328"]
[PlyCount "87"]
[EventDate "2010.05.09"]
[EventType "swiss"]
[EventCountry "CZE"]

1. e4 e5 2. Nf3 Nc6 3. Bb5 a6 4. Ba4 Nf6 5. O-O Be7 6. Re1 b5 7. Bb3 d6 8. c3
O-O 9. h3 Na5 10. Bc2 c5 11. d4 Qc7 12. d5 Nc4 13. b3 Nb6 14. a4 Bd7 15. a5 Nc8
16. c4 g6 17. Nc3 Ne8 18. Ne2 Ng7 19. Ng3 f6 20. Nh2 f5 21. exf5 gxf5 22. Nh5
Nxh5 23. Qxh5 Be8 24. Qe2 Bd8 25. Bh6 Rf6 26. Bg5 Rf8 27. Bxd8 Qxd8 28. f4 exf4
29. Qe6+ Kh8 30. Bxf5 Bf7 31. Qe4 Ra7 32. Rf1 Ne7 33. Bxh7 Ng8 34. Bxg8 Bxg8
35. Rxf4 Bh7 36. Qf3 Rxf4 37. Qxf4 bxc4 38. bxc4 Rb7 39. Rf1 Bd3 40. Qh6+ Kg8
41. Ng4 Bxf1 42. Nf6+ Kf7 43. Qh7+ Kf8 44. Qg8+ 1-0

[Event "Ostravsky konik 2010 MCR Open"]
[Site "Ostrava"]
[Date "2010.05.07"]
[Round "7.16"]
[White "GM Vokac, Marek"]
[Black "Kriebel, Tadeas"]
[Result "1-0"]
[WhiteElo "2454"]
[BlackElo "2265"]
[PlyCount "51"]
[EventDate "2010.05.09"]
[EventType "swiss"]
[EventCountry "CZE"]

1. d4 Nf6 2. Nf3 g6 3. Bg5 Bg7 4. Nbd2 O-O 5. e4 d5 6. Bd3 dxe4 7. Nxe4 Bf5 8.
Bxf6 exf6 9. O-O Nd7 10. Re1 Bxe4 11. Bxe4 c6 12. c3 f5 13. Bc2 Nb6 14. Bb3 Qd6
15. Ne5 Rad8 16. Qf3 Nd7 17. Nc4 Qc7 18. Re7 Bf6 19. Re2 c5 20. d5 b5 21. Ne3
c4 22. Bc2 Rfe8 23. Rd1 Nc5 24. g3 Qe5 25. d6 Re6 26. Rd5 1-0

[Event "Ostravsky konik 2010 MCR Open"]
[Site "Ostrava"]
[Date "2010.05.07"]
[Round "7.17"]
[White "GM Blatny, Pavel"]
[Black "FM Pacl, Vaclav"]
[Result "1-0"]
[WhiteElo "2409"]
[BlackElo "2263"]
[PlyCount "65"]
[EventDate "2010.05.09"]
[EventType "swiss"]
[EventCountry "CZE"]

1. d4 d5 2. Nf3 Nf6 3. Bf4 c5 4. e3 Qb6 5. Nc3 c4 6. Rb1 Bg4 7. h3 Bxf3 8. Qxf3
e6 9. g4 Bb4 10. Qd1 Ne4 11. Bg2 Nxc3 12. bxc3 Bxc3+ 13. Kf1 Qa6 14. e4 Nc6 15.
exd5 Nxd4 16. dxe6 Qxe6 17. Bd2 Nb5 18. Bg5 Nd4 19. Rxb7 O-O 20. Re7 Qc8 21.
Re3 Bb2 22. Bxa8 Qxa8 23. Rg1 Ne6 24. Be7 Re8 25. Bb4 Bf6 26. Qe2 Rd8 27. Ba5
Rc8 28. Bc3 Bxc3 29. Rxc3 Qd5 30. Qf3 Qd2 31. Kg2 Nf4+ 32. Kh1 Ne2 33. Rxc4 1-0

[Event "Ostravsky konik 2010 MCR Open"]
[Site "Ostrava"]
[Date "2010.05.07"]
[Round "7.18"]
[White "Turner, Jan"]
[Black "IM Biolek, Richard"]
[Result "1/2-1/2"]
[WhiteElo "2324"]
[BlackElo "2405"]
[PlyCount "162"]
[EventDate "2010.05.09"]
[EventType "swiss"]
[EventCountry "CZE"]

1. Nf3 Nc6 2. d4 d5 3. Bf4 Bg4 4. e3 f6 5. Be2 e5 6. Bg3 exd4 7. Nxd4 Bxe2 8.
Qxe2 Nxd4 9. exd4+ Qe7 10. Qxe7+ Nxe7 11. Nc3 c6 12. Bd6 Kd7 13. Bxe7 Bxe7 14.
Ke2 Rae8 15. Kd3 Bd6 16. Rae1 h5 17. Rxe8 Rxe8 18. Nd1 f5 19. Ne3 g6 20. g3 f4
21. Ng2 Rf8 22. Re1 g5 23. c3 b5 24. b4 a5 25. a3 Ra8 26. gxf4 gxf4 27. Nh4
axb4 28. axb4 Ra3 29. Rb1 Ra2 30. Rf1 f3 31. Nxf3 Bf4 32. h3 Kd6 33. Rd1 Rxf2
34. Ng1 Rh2 35. Nf3 Rf2 36. Ng1 Rh2 37. Ne2 Rxh3+ 38. Kc2 Rh2 39. Kd3 Rh3+ 40.
Kc2 Bh6 41. Rg1 Kc7 42. Rg6 Be3 43. Rg7+ Kb6 44. Ng3 Bh6 45. Rh7 Rxg3 46. Rxh6
Rh3 47. Rh7 Rh1 48. Kb2 h4 49. Re7 h3 50. Rg7 h2 51. Rh7 Ka6 52. Ka2 Rc1 53.
Rxh2 Rxc3 54. Rh4 Rc4 55. Kb3 Kb7 56. Rh7+ Kc8 57. Rh6 Kd7 58. Rh4 Ke6 59. Rf4
Ke7 60. Ka3 Rc3+ 61. Kb2 Re3 62. Rh4 Kf7 63. Rh7+ Kg6 64. Rc7 Re6 65. Kc3 Kf5
66. Kd3 Rf6 67. Rc8 Kf4 68. Rc7 Kf3 69. Rc8 Kf2 70. Kd2 Kf1 71. Rc7 Rf2+ 72.
Kd3 Rf3+ 73. Kd2 Rf2+ 74. Kd3 Ke1 75. Rxc6 Kd1 76. Ke3 Re2+ 77. Kf3 Re4 78. Rc5
Rxd4 79. Rxb5 Rd2 80. Rc5 d4 81. b5 Rb2 1/2-1/2

[Event "Ostravsky konik 2010 MCR Open"]
[Site "Ostrava"]
[Date "2010.05.07"]
[Round "7.19"]
[White "IM Zpevak, Pavel"]
[Black "WGM Nemcova, Katerina"]
[Result "1-0"]
[WhiteElo "2401"]
[BlackElo "2247"]
[PlyCount "133"]
[EventDate "2010.05.09"]
[EventType "swiss"]
[EventCountry "CZE"]

1. d4 d5 2. Nf3 Nf6 3. c4 c6 4. e3 e6 5. Nbd2 Nbd7 6. Bd3 Bd6 7. O-O O-O 8. e4
dxe4 9. Nxe4 Nxe4 10. Bxe4 Nf6 11. Bc2 c5 12. Bg5 h6 13. Bh4 cxd4 14. Qd3 Re8
15. Nxd4 Be5 16. Rad1 Qxd4 17. Qxd4 Bxd4 18. Rxd4 e5 19. Rd6 Be6 20. b3 Rac8
21. Rd2 Kf8 22. Rfd1 Rc7 23. Bg3 Rd7 24. f3 Rxd2 25. Rxd2 Nd7 26. Be4 Rb8 27.
Kf1 f6 28. Bf2 b6 29. Ke1 Ke7 30. Kd1 Rc8 31. Bc2 f5 32. Re2 g5 33. Be1 Kf6 34.
Kc1 h5 35. Kb2 Nb8 36. h4 Nc6 37. Bc3 gxh4 38. f4 Rg8 39. fxe5+ Ke7 40. Rf2 Rg3
41. a3 Re3 42. Bd2 Rxe5 43. Bg5+ Kf7 44. Bxh4 Nd4 45. Bd1 Kg6 46. Rd2 Nc6 47.
Bg3 Re3 48. Bf2 Re5 49. Kc3 Kg5 50. Bf3 Na5 51. Rd1 f4 52. Rd6 Bg4 53. b4 Bxf3
54. gxf3 Re2 55. Bd4 Ra2 56. Rd5+ Kg6 57. bxa5 Rxa3+ 58. Kd2 h4 59. axb6 axb6
60. Rd6+ Kh5 61. Rxb6 h3 62. Rb8 Rxf3 63. c5 Kg4 64. c6 h2 65. Rg8+ Kf5 66. Rh8
Ke4 67. c7 1-0

[Event "Ostravsky konik 2010 MCR Open"]
[Site "Ostrava"]
[Date "2010.05.07"]
[Round "7.21"]
[White "Kulhánek, Tomáš"]
[Black "Havlíková, Kristýna"]
[Result "1/2-1/2"]
[WhiteElo "2428"]
[BlackElo "2251"]
[PlyCount "118"]
[EventDate "2010.05.09"]
[EventType "swiss"]
[EventCountry "CZE"]

1. e4 c5 2. Nc3 Nc6 3. f4 g6 4. Nf3 Bg7 5. Bb5 Nd4 6. Bd3 d6 7. Nxd4 cxd4 8.
Ne2 Nf6 9. c3 dxc3 10. dxc3 Qb6 11. Qb3 Nd7 12. Qxb6 Nxb6 13. Be3 Na4 14. Bb5+
Bd7 15. Bxd7+ Kxd7 16. O-O-O Kc7 17. Kc2 b6 18. Ng3 Nc5 19. b4 Nd7 20. a4 h5
21. Rhe1 h4 22. Nf1 Nf6 23. Bd4 Nh5 24. Bxg7 Nxg7 25. Ne3 e6 26. Nc4 Rad8 27.
Kb3 Nh5 28. e5 d5 29. Nd6 Rd7 30. Rd4 Ng7 31. c4 Nf5 32. Nxf5 gxf5 33. cxd5
Rxd5 34. Rxd5 exd5 35. Kc3 Rg8 36. Re2 Rg4 37. Rf2 Kd7 38. Kd4 Ke6 39. a5 Rg8
40. axb6 axb6 41. Rc2 Rg4 42. Rc6+ Kd7 43. Rd6+ Ke7 44. g3 hxg3 45. hxg3 Rxg3
46. Rxb6 Rf3 47. Kxd5 Rxf4 48. Rb7+ Ke8 49. b5 Rf1 50. b6 Rd1+ 51. Kc5 Rc1+ 52.
Kd4 Rb1 53. Ke3 Rb4 54. Kf3 Kd8 55. Rxf7 Rxb6 56. Kf4 Ke8 57. Ra7 Rc6 58. Kxf5
Rb6 59. e6 Rb1 1/2-1/2

[Event "Ostravsky konik 2010 MCR Open"]
[Site "Ostrava"]
[Date "2010.05.07"]
[Round "7.23"]
[White "Pisk, Petr"]
[Black "Adámek, Jirí"]
[Result "1-0"]
[WhiteElo "2333"]
[BlackElo "2254"]
[PlyCount "95"]
[EventDate "2010.05.09"]
[EventType "swiss"]
[EventCountry "CZE"]

1. e4 e6 2. d4 d5 3. e5 c5 4. c3 Qb6 5. Nf3 Bd7 6. Be2 Bb5 7. c4 Bxc4 8. Bxc4
dxc4 9. d5 exd5 10. Qxd5 Qc6 11. Qxc4 Qe6 12. Qxe6+ fxe6 13. Ng5 Ke7 14. Ne4
Kf7 15. Be3 b6 16. Nbc3 Nc6 17. O-O-O Nxe5 18. Bf4 Nc6 19. Ng5+ Kg6 20. Nxe6
Nf6 21. h4 Kf5 22. Nc7 Rd8 23. Rxd8 Nxd8 24. Rd1 Be7 25. Bg3 Nc6 26. Re1 Bd8
27. N7b5 a6 28. Nd6+ Kg6 29. Nb7 Re8 30. Rxe8 Nxe8 31. Nxd8 Nxd8 32. Na4 Nf6
33. Bc7 Ne6 34. Bxb6 Nd7 35. Kd2 Kh5 36. g3 Kg4 37. Ke3 Kf5 38. f3 h5 39. Ba5
g6 40. Bc3 Nd8 41. Bg7 Nb7 42. Nc3 Nd6 43. b3 Ne8 44. Bh8 Nc7 45. Kd3 Ne6 46.
Nd5 Nd8 47. Ne7+ Ke6 48. Nxg6 1-0

[Event "Ostravsky konik 2010 MCR Open"]
[Site "Ostrava"]
[Date "2010.05.07"]
[Round "7.24"]
[White "Bureš, Jaroslav"]
[Black "Malík, Jan"]
[Result "1-0"]
[WhiteElo "2327"]
[BlackElo "2232"]
[PlyCount "81"]
[EventDate "2010.05.09"]
[EventType "swiss"]
[EventCountry "CZE"]

1. e4 c5 2. Nf3 d6 3. d4 cxd4 4. Nxd4 Nf6 5. Nc3 a6 6. Be2 e5 7. Nb3 Be7 8. O-O
Be6 9. Kh1 Nbd7 10. f4 Rc8 11. f5 Bc4 12. Rf3 Nb6 13. Bxc4 Rxc4 14. Nd2 Rc8 15.
Rd3 h5 16. h3 h4 17. b3 Qc7 18. a4 Nbd7 19. Ba3 Nc5 20. Bxc5 Qxc5 21. a5 Nh5
22. Nc4 Qf2 23. Rf3 Qc5 24. Qd3 Rh6 25. Rd1 Rd8 26. Nd5 Bg5 27. Kh2 Bf4+ 28.
Nxf4 Nxf4 29. Qd2 g5 30. Ne3 Rh7 31. f6 Rh6 32. Ng4 Rg6 33. b4 Qc7 34. Rc3 Qb8
35. Qf2 Rd7 36. Qb6 Qd8 37. b5 axb5 38. Qxb5 Rxf6 39. Nxf6+ Qxf6 40. Rc7 Qe6
41. Rxb7 1-0

[Event "Ostravsky konik 2010 MCR Open"]
[Site "Ostrava"]
[Date "2010.05.07"]
[Round "7.26"]
[White "Kratochvíl, Josef"]
[Black "Zwardon, Vojtech"]
[Result "1-0"]
[WhiteElo "2307"]
[BlackElo "2205"]
[PlyCount "63"]
[EventDate "2010.05.09"]
[EventType "swiss"]
[EventCountry "CZE"]

1. e4 c5 2. Nf3 Nc6 3. d4 cxd4 4. Nxd4 g6 5. Nc3 Bg7 6. Be3 Nf6 7. Bc4 O-O 8.
Bb3 d6 9. f3 Bd7 10. Qd2 a5 11. a4 Nxd4 12. Bxd4 Bc6 13. O-O-O Qd7 14. Qe2 Rfc8
15. g4 Qe8 16. h4 b5 17. axb5 a4 18. Bc4 Bb7 19. h5 a3 20. b3 Qd8 21. hxg6 hxg6
22. Na2 e6 23. Kb1 d5 24. exd5 Bxd5 25. Bxd5 exd5 26. Rh3 Qe8 27. Qh2 Qxb5 28.
Rh1 Nh5 29. Bxg7 Re8 30. Rxh5 Re3 31. Rh8+ Kxg7 32. Qh6+ 1-0

[Event "Ostravsky konik 2010 MCR Open"]
[Site "Ostrava"]
[Date "2010.05.07"]
[Round "7.28"]
[White "Folková, Martina"]
[Black "Vrána, František"]
[Result "0-1"]
[WhiteElo "2128"]
[BlackElo "2287"]
[PlyCount "100"]
[EventDate "2010.05.09"]
[EventType "swiss"]
[EventCountry "CZE"]

1. e4 d5 2. exd5 Qxd5 3. Nc3 Qa5 4. d4 Nf6 5. Bc4 Bf5 6. Nf3 e6 7. Bd2 c6 8.
Qe2 Bb4 9. O-O-O Nbd7 10. a3 Bxc3 11. Bxc3 Qc7 12. Ne5 Nxe5 13. dxe5 Nd5 14.
Bd2 O-O-O 15. g4 Bg6 16. f4 h5 17. h3 Qb6 18. Bxd5 cxd5 19. Rhf1 hxg4 20. hxg4
Be4 21. Bc3 Kb8 22. Rd4 Rh3 23. Qd2 Rc8 24. Re1 Rg3 25. g5 Bf5 26. Re3 Rg4 27.
Kb1 Rg1+ 28. Re1 Rxe1+ 29. Qxe1 Bxc2+ 30. Ka1 Rh8 31. Rd2 Be4 32. Rd1 Qb3 33.
Rc1 Rh2 34. Bd4 b6 35. Qe3 Bd3 36. f5 Re2 37. Qf3 Rc2 38. Re1 Qc4 39. Qe3 Bxf5
40. Bc3 Kb7 41. Rd1 Re2 42. Qg3 Qb3 43. Qg1 Rg2 44. Qh1 Be4 45. Qf1 Rf2 46. Qe1
Rh2 47. Qf1 Kb8 48. Re1 d4 49. Rxe4 dxc3 50. Rb4 cxb2+ 0-1

[Event "Ostravsky konik 2010 MCR Open"]
[Site "Ostrava"]
[Date "2010.05.07"]
[Round "7.29"]
[White "Sikorová, Olga"]
[Black "Sochorová, Petra"]
[Result "1/2-1/2"]
[WhiteElo "2268"]
[BlackElo "2140"]
[PlyCount "125"]
[EventDate "2010.05.09"]
[EventType "swiss"]
[EventCountry "CZE"]

1. e4 c5 2. Nf3 e6 3. b3 d6 4. Bb5+ Bd7 5. Bxd7+ Nxd7 6. O-O Ngf6 7. Re1 Be7 8.
Bb2 O-O 9. d4 cxd4 10. Bxd4 d5 11. exd5 Nxd5 12. c4 Nb4 13. Nc3 Nc6 14. Be3 Nf6
15. Qe2 Bb4 16. Red1 Qe7 17. Rac1 h6 18. Nb5 a6 19. Nbd4 Nxd4 20. Bxd4 Bc5 21.
Qe3 Bxd4 22. Rxd4 Rfd8 23. Rcd1 Rac8 24. h3 Rxd4 25. Qxd4 Qc5 26. Qxc5 Rxc5 27.
Rd8+ Kh7 28. a4 g5 29. Kf1 Kg7 30. Nd2 Rc7 31. b4 Nd7 32. a5 Ne5 33. b5 Nxc4
34. Nxc4 Rxc4 35. bxa6 bxa6 36. Rd6 Ra4 37. Rxa6 Ra2 38. g3 Kf6 39. Ra7 Kg6 40.
a6 Kf6 41. g4 Kg6 42. Ra8 Kf6 43. Ra7 Kg6 44. Kg2 Ra3 45. Kh2 f5 46. Ra8 Kf6
47. a7 Kg7 48. Kg2 f4 49. f3 Ra2+ 50. Kg1 e5 51. Kf1 Kh7 52. Ke1 Kg7 53. Kd1
Kh7 54. Kc1 Kg7 55. Kb1 Ra4 56. Kc2 e4 57. fxe4 f3 58. Kd2 f2 59. Ke2 Rxe4+ 60.
Kxf2 Ra4 61. Ke3 Ra3+ 62. Kd4 Ra1 63. Kc3 1/2-1/2

[Event "Ostravsky konik 2010 MCR Open"]
[Site "Ostrava"]
[Date "2010.05.07"]
[Round "7.30"]
[White "Ramík, Zdenek"]
[Black "Cižinský, Petr"]
[Result "1-0"]
[WhiteElo "2267"]
[BlackElo "2124"]
[PlyCount "65"]
[EventDate "2010.05.09"]
[EventType "swiss"]
[EventCountry "CZE"]

1. e4 c5 2. Nf3 d6 3. d3 Nc6 4. g3 g6 5. Bg2 Bg7 6. O-O e6 7. c3 Nge7 8. Be3
O-O 9. Qc1 e5 10. Bh6 f5 11. Bxg7 Kxg7 12. exf5 Bxf5 13. Qe3 Nd5 14. Qe2 Nf6
15. Nbd2 Qd7 16. a3 Rae8 17. Rae1 b6 18. Ne4 Re7 19. b4 Nd8 20. Nxf6 Rxf6 21.
Nd2 d5 22. f4 Bg4 23. Qe3 Rfe6 24. fxe5 Rxe5 25. Qf4 Rf5 26. Rxe7+ Qxe7 27.
Qxg4 Qe3+ 28. Kh1 Rxf1+ 29. Nxf1 Qxd3 30. Qf3 Qxf3 31. Bxf3 d4 32. cxd4 cxd4
33. Kg2 1-0

[Event "Ostravsky konik 2010 MCR Open"]
[Site "Ostrava"]
[Date "2010.05.07"]
[Round "7.31"]
[White "Potomák, Vladimír"]
[Black "Lechtýnský, Jiøí"]
[Result "1-0"]
[WhiteElo "2232"]
[BlackElo "2396"]
[PlyCount "59"]
[EventDate "2010.05.09"]
[EventType "swiss"]
[EventCountry "CZE"]

1. c4 g6 2. d4 Nf6 3. Nf3 Bg7 4. g3 c6 5. Bg2 d5 6. cxd5 cxd5 7. O-O Nc6 8. Nc3
Ne4 9. e3 Nxc3 10. bxc3 O-O 11. Ba3 Re8 12. Nd2 Na5 13. Bb4 Nc6 14. Ba3 Be6 15.
Nb3 b6 16. Rc1 Qd7 17. c4 Rac8 18. cxd5 Bxd5 19. Qd3 Bxg2 20. Kxg2 Ne5 21. Qe2
Nc4 22. Bb2 e5 23. Rfd1 Nxb2 24. Rxc8 Rxc8 25. Qxb2 exd4 26. Nxd4 Qd5+ 27. Kg1
b5 28. a4 Rd8 29. Rd2 Qc5 30. Ne6 1-0

[Event "Ostravsky konik 2010 MCR Open"]
[Site "Ostrava"]
[Date "2010.05.07"]
[Round "7.32"]
[White "Pertlová, Soòa"]
[Black "Michenka, Jozef"]
[Result "1/2-1/2"]
[WhiteElo "2201"]
[BlackElo "2390"]
[PlyCount "49"]
[EventDate "2010.05.09"]
[EventType "swiss"]
[EventCountry "CZE"]

1. d4 Nf6 2. c4 e6 3. g3 d5 4. Nf3 dxc4 5. Bg2 Bb4+ 6. Bd2 a5 7. Qc2 Nc6 8.
Qxc4 Qd5 9. Qd3 Qe4 10. Qc4 b5 11. Qd3 Qxd3 12. exd3 Bb7 13. Ne5 Nd5 14. Bxd5
exd5 15. Nxc6 Bxc6 16. Bxb4 axb4 17. Nd2 Ke7 18. Kd1 Bd7 19. Kc2 Kd6 20. Nb3
Rhe8 21. Rhe1 Rxe1 22. Rxe1 Rxa2 23. Nc5 Be6 24. Kb3 Ra8 25. Kxb4 1/2-1/2

[Event "Ostravsky konik 2010 MCR Open"]
[Site "Ostrava"]
[Date "2010.05.07"]
[Round "7.33"]
[White "Roško, Luboš"]
[Black "Sikora-Lerch, Jan"]
[Result "1/2-1/2"]
[WhiteElo "2345"]
[BlackElo "2205"]
[PlyCount "27"]
[EventDate "2010.05.09"]
[EventType "swiss"]
[EventCountry "CZE"]

1. e4 c5 2. Nf3 g6 3. d4 cxd4 4. Nxd4 Nf6 5. Nc3 Nc6 6. Nxc6 dxc6 7. Qxd8+ Kxd8
8. Bf4 Ke8 9. f3 Nd7 10. O-O-O e5 11. Bg5 f6 12. Bd2 Nc5 13. h4 h5 14. Ne2
1/2-1/2

[Event "Ostravsky konik 2010 MCR Open"]
[Site "Ostrava"]
[Date "2010.05.07"]
[Round "7.34"]
[White "Folk, Petr"]
[Black "Chlevištan, Jakub"]
[Result "1/2-1/2"]
[WhiteElo "2244"]
[BlackElo "2111"]
[PlyCount "68"]
[EventDate "2010.05.09"]
[EventType "swiss"]
[EventCountry "CZE"]

1. e4 e5 2. Nf3 Nf6 3. Nxe5 d6 4. Nf3 Nxe4 5. Nc3 Nxc3 6. dxc3 Be7 7. Bf4 O-O
8. Qd2 Nd7 9. O-O-O Nc5 10. h4 c6 11. Bxd6 Bxd6 12. Qxd6 Qxd6 13. Rxd6 Ne4 14.
Rd4 Nxf2 15. Rg1 c5 16. Rf4 Ng4 17. Bd3 Nf6 18. Bc4 b6 19. Rd1 Be6 20. Bxe6
fxe6 21. c4 Rae8 22. Ne5 h6 23. g4 g5 24. Rf3 Ne4 25. hxg5 Rxf3 26. Nxf3 hxg5
27. Re1 Rf8 28. Rxe4 Rxf3 29. Re5 Kf7 30. Rxg5 Rg3 31. Kd2 Rg2+ 32. Kd3 Rg3+
33. Ke4 Rg2 34. Kd3 Rg3+ 1/2-1/2

[Event "Ostravsky konik 2010 MCR Open"]
[Site "Ostrava"]
[Date "2010.05.07"]
[Round "7.35"]
[White "Valícková, Martina"]
[Black "Sikora, Jan"]
[Result "1/2-1/2"]
[WhiteElo "2072"]
[BlackElo "2238"]
[PlyCount "82"]
[EventDate "2010.05.09"]
[EventType "swiss"]
[EventCountry "CZE"]

1. e4 c5 2. Nf3 a6 3. c3 d5 4. exd5 Qxd5 5. d4 Nf6 6. Be2 e6 7. O-O Nc6 8. Re1
cxd4 9. cxd4 Be7 10. Nc3 Qd8 11. Bc4 b5 12. Bb3 Na5 13. Bc2 Bb7 14. Ne5 Rc8 15.
Bg5 Nc4 16. Bb3 O-O 17. Nxc4 bxc4 18. Bc2 Qb6 19. Na4 Qc6 20. f3 Rfd8 21. Bf4
Nd5 22. Be5 Nb4 23. Be4 Qb5 24. Nc3 Qb6 25. Na4 Qa7 26. a3 Bxe4 27. axb4 Bf5
28. Nc5 Qb6 29. Rxa6 Qxb4 30. Qa1 Bxc5 31. dxc5 Qxc5+ 32. Kh1 Qf2 33. Bc3 Rd3
34. Rf1 Qc2 35. Rc1 Qb3 36. Ra3 Qb7 37. Ra7 Qd5 38. Ra5 Qd8 39. Ra7 h6 40. Ra5
Qh4 41. h3 g5 1/2-1/2

[Event "Ostravsky konik 2010 MCR Open"]
[Site "Ostrava"]
[Date "2010.05.07"]
[Round "7.38"]
[White "Olšar, Jaroslav"]
[Black "Umanec, Filip"]
[Result "0-1"]
[WhiteElo "2317"]
[BlackElo "2226"]
[PlyCount "94"]
[EventDate "2010.05.09"]
[EventType "swiss"]
[EventCountry "CZE"]

1. e4 e5 2. Nf3 Nc6 3. Bc4 Nf6 4. d4 exd4 5. e5 d5 6. Bb5 Ne4 7. Nxd4 Bd7 8.
Bxc6 bxc6 9. O-O Bc5 10. f3 Ng5 11. f4 Ne4 12. Be3 Qb8 13. Nd2 Qxb2 14. Nxe4
dxe4 15. Qd2 Rd8 16. Qf2 Qc3 17. Rae1 Bb6 18. f5 c5 19. f6 g6 20. Ne2 Qxc2 21.
Rc1 Qb2 22. Bxc5 Qxe5 23. Bxb6 axb6 24. Qe3 Bb5 25. Rf4 Bd3 26. Ng3 Rd4 27. Re1
Kd7 28. Nxe4 Bxe4 29. Rxe4 Qxe4 30. Qxe4 Rxe4 31. Rxe4 Re8 32. Rd4+ Kc6 33.
Rc4+ Kd6 34. Rd4+ Ke6 35. Re4+ Kd7 36. Rd4+ Kc8 37. g4 g5 38. Rd5 h6 39. Kg2
Re2+ 40. Kg3 Rxa2 41. Re5 Rd2 42. Re8+ Rd8 43. Re7 Rd7 44. Re8+ Kb7 45. Rh8 c5
46. Rxh6 c4 47. h4 c3 0-1

[Event "Ostravsky konik 2010 MCR Open"]
[Site "Ostrava"]
[Date "2010.05.07"]
[Round "7.39"]
[White "Krajina, Aleš"]
[Black "Obšívac, Josef"]
[Result "0-1"]
[WhiteElo "2195"]
[BlackElo "2295"]
[PlyCount "90"]
[EventDate "2010.05.09"]
[EventType "swiss"]
[EventCountry "CZE"]

1. d4 Nf6 2. Nc3 d5 3. Nf3 c6 4. g3 Bf5 5. Bg2 h6 6. O-O e6 7. Nd2 Be7 8. e4
Bg6 9. Re1 O-O 10. exd5 cxd5 11. Ne2 Nc6 12. c3 Rc8 13. Nf4 Bf5 14. Qe2 Nd7 15.
Nf1 Bd6 16. g4 Bxf4 17. gxf5 e5 18. Bxf4 exf4 19. Qg4 Qb6 20. Qxf4 Qxb2 21. Ne3
Nf6 22. Nxd5 Nxd5 23. Bxd5 Qxc3 24. Rad1 Rcd8 25. Re3 Qb4 26. Rg3 Qd6 27. Qg4
Qf6 28. Bxc6 bxc6 29. Kh1 Kh7 30. Qf3 Rd5 31. Qa3 Rfd8 32. Rdg1 Rg8 33. Qxa7
Rxf5 34. Qa6 Rxf2 35. Rc3 Qxd4 36. Qxc6 Rxa2 37. Qf3 Qe5 38. Qd3+ Kh8 39. Rc2
Rxc2 40. Qxc2 Rb8 41. Rf1 Rb2 42. Qc8+ Kh7 43. Qh3 Qd5+ 44. Kg1 Rb3 45. Qg4 Rb6
0-1

[Event "Ostravsky konik 2010 MCR Open"]
[Site "Ostrava"]
[Date "2010.05.07"]
[Round "7.40"]
[White "Weissmann, Lukáš"]
[Black "Jedlicka, Aleš"]
[Result "0-1"]
[WhiteElo "2131"]
[BlackElo "2293"]
[PlyCount "80"]
[EventDate "2010.05.09"]
[EventType "swiss"]
[EventCountry "CZE"]

1. e4 c5 2. Nf3 e6 3. b3 a6 4. Bb2 Nc6 5. g3 Qc7 6. Bg2 Nf6 7. e5 Ng4 8. Qe2
Be7 9. h3 Nh6 10. O-O Nf5 11. c3 d5 12. d4 cxd4 13. cxd4 Qb6 14. Nc3 Bd7 15.
Na4 Qa7 16. Rfd1 b5 17. g4 Nfxd4 18. Nxd4 bxa4 19. Rac1 Nxd4 20. Bxd4 Qb7 21.
Qe3 O-O 22. bxa4 Bxa4 23. Rb1 Qd7 24. Rdc1 Bb5 25. Bf1 Bxf1 26. Kxf1 Rab8 27.
Qc3 Rxb1 28. Rxb1 Qa4 29. Rb7 Bg5 30. Bc5 Rc8 31. Be7 Qe8 32. Qb4 h6 33. Bxg5
hxg5 34. Qd6 Qa4 35. Rb8 Qc4+ 36. Kg1 Rxb8 37. Qxb8+ Kh7 38. Qb7 Kg6 39. Qa8
Qxa2 40. h4 gxh4 0-1

[Event "Ostravsky konik 2010 MCR Open"]
[Site "Ostrava"]
[Date "2010.05.07"]
[Round "7.41"]
[White "Olšarová, Tereza"]
[Black "Vlach, Karel"]
[Result "1/2-1/2"]
[WhiteElo "2269"]
[BlackElo "2171"]
[PlyCount "32"]
[EventDate "2010.05.09"]
[EventType "swiss"]
[EventCountry "CZE"]

1. e4 g6 2. d4 Bg7 3. Nc3 c6 4. Be3 d5 5. e5 h5 6. Bd3 Nh6 7. Nge2 Qa5 8. O-O
Bf5 9. Bxh6 Bxh6 10. Bxf5 gxf5 11. Ng3 e6 12. Nxh5 Nd7 13. Ne2 O-O-O 14. c3
Rdg8 15. Nef4 Qd8 16. b4 Bxf4 1/2-1/2

[Event "Ostravsky konik 2010 MCR Open"]
[Site "Ostrava"]
[Date "2010.05.07"]
[Round "7.43"]
[White "Kapusta, Petr"]
[Black "Indrák, Igor"]
[Result "1/2-1/2"]
[WhiteElo "2186"]
[BlackElo "2269"]
[PlyCount "109"]
[EventDate "2010.05.09"]
[EventType "swiss"]
[EventCountry "CZE"]

1. e4 e6 2. d4 d5 3. Nd2 dxe4 4. Nxe4 Nd7 5. Nf3 Be7 6. c3 Ngf6 7. Bd3 b6 8.
O-O Bb7 9. Nxf6+ Bxf6 10. Qe2 O-O 11. Rd1 Qe7 12. Bf4 c5 13. dxc5 e5 14. Bb5
Bxf3 15. Qxf3 Nxc5 16. Be3 Rad8 17. a4 a5 18. Qc6 Rb8 19. Rd6 Rfe8 20. Qd5 Red8
21. Rd1 Qc7 22. Qc6 Qxc6 23. Bxc6 Rxd6 24. Rxd6 Rd8 25. Rxd8+ Bxd8 26. Kf1 Kf8
27. Ke2 Ke7 28. f4 Kd6 29. Bb5 Ne6 30. f5 Nc5 31. Be8 Ke7 32. Bb5 Kf6 33. g4 h5
34. h4 Ke7 35. g5 Kd6 36. b4 axb4 37. cxb4 Ne4 38. Kf3 Nc3 39. Be8 Ke7 40. Bd2
Nb1 41. Be1 Kxe8 42. Ke4 Na3 43. Kxe5 Kd7 44. Kd5 Nc2 45. Bd2 Be7 46. Ke4 Bd6
47. b5 Bc5 48. g6 Ne3 49. Bxe3 Bxe3 50. Kd3 fxg6 51. Kxe3 gxf5 52. Kf4 g6 53.
Ke5 Ke7 54. Kd5 Kd7 55. Ke5 1/2-1/2

[Event "Ostravsky konik 2010 MCR Open"]
[Site "Ostrava"]
[Date "2010.05.07"]
[Round "7.44"]
[White "Šplíchal, Stanislav"]
[Black "Kocur, Valter"]
[Result "1-0"]
[WhiteElo "2219"]
[BlackElo "2139"]
[PlyCount "57"]
[EventDate "2010.05.09"]
[EventType "swiss"]
[EventCountry "CZE"]

1. d4 Nf6 2. Nf3 g6 3. c4 Bg7 4. Nc3 d5 5. cxd5 Nxd5 6. e4 Nxc3 7. bxc3 O-O 8.
Rb1 c5 9. Be2 Qa5 10. O-O Qxa2 11. Bg5 Qe6 12. Re1 cxd4 13. cxd4 a6 14. Qd2 b5
15. d5 Qd6 16. e5 Qd8 17. d6 Re8 18. Bxe7 Rxe7 19. dxe7 Qxe7 20. Rbc1 Bb7 21.
Red1 Nc6 22. Qd7 Qxd7 23. Rxd7 Rb8 24. Rxb7 Rxb7 25. Rxc6 a5 26. Rc5 b4 27.
Rxa5 b3 28. Rb5 Rc7 29. Rxb3 1-0

[Event "Ostravsky konik 2010 MCR Open"]
[Site "Ostrava"]
[Date "2010.05.07"]
[Round "7.45"]
[White "Tauš, Martin"]
[Black "Bureš, Martin"]
[Result "1-0"]
[WhiteElo "2099"]
[BlackElo "2131"]
[PlyCount "121"]
[EventDate "2010.05.09"]
[EventType "swiss"]
[EventCountry "CZE"]

1. Nc3 c5 2. e4 g6 3. d3 Bg7 4. Be3 d6 5. Qd2 Bd7 6. Nf3 b5 7. Be2 b4 8. Nd1 a5
9. O-O Nc6 10. c3 a4 11. cxb4 cxb4 12. d4 Rb8 13. d5 Ne5 14. Nxe5 Bxe5 15. Bd4
Bxd4 16. Qxd4 Nf6 17. Ne3 Qb6 18. Qxb6 Rxb6 19. f3 O-O 20. Rfc1 Rbb8 21. Rc7
Rfc8 22. Rac1 Kf8 23. Bd1 Rxc7 24. Rxc7 Ke8 25. Ra7 b3 26. axb3 axb3 27. Ra3
Kd8 28. Rxb3 Rxb3 29. Bxb3 Kc7 30. Kf2 Kb6 31. Ke1 Kc5 32. Kd2 Kb4 33. Ba2 Ba4
34. Kd3 Nd7 35. Kd4 Nc5 36. f4 Bb3 37. Bb1 Ba4 38. Bc2 Bxc2 39. Nxc2+ Kb3 40.
Ne3 Kxb2 41. e5 Nb3+ 42. Kc4 Nd2+ 43. Kd3 dxe5 44. fxe5 Nb3 45. Nc4+ Kc1 46. d6
Nc5+ 47. Ke3 exd6 48. Nxd6 Kc2 49. Nxf7 Kc3 50. Ng5 Nd7 51. e6 Nb6 52. Nxh7 Kc4
53. Ke4 Kc5 54. Ke5 Nd5 55. h4 Kc6 56. Nf8 Ne7 57. Kf6 Kd6 58. Nxg6 Nd5+ 59.
Kf7 Nc7 60. e7 Kd7 61. h5 1-0